Sports Quiz

Random Sports or WWE Quiz
Score 0/42 Timer 10:00
0 Plays Today
Year Answer % Correct
2001Edge
94.2%
2004John Cena
90.4%
2004John Cena
90.4%
2004John Cena
90.4%
2008Matt Hardy
90.4%
2009The Miz
90.4%
2010The Miz
90.4%
2003Big Show
88.5%
2005Chris Benoit
86.5%
2006Chris Benoit
86.5%
2006Chris Benoit
86.5%
2009Kofi Kingston
86.5%
2011Kofi Kingston
86.5%
2013Kofi Kingston
86.5%
2012Santino Marella
84.6%
2001Booker T
82.7%
2004Booker T
82.7%
2005Booker T
82.7%
2006Booker T
82.7%
2007MVP
82.7%
2009MVP
82.7%
Year Answer % Correct
2011Dolph Ziggler
82.7%
2001Kurt Angle
80.8%
2013Dean Ambrose
80.8%
2003Eddie Guerrero
78.8%
2012Jack Swagger
78.8%
2004Carlito
75%
2006JBL
75%
2010R-Truth
75%
2010Daniel Bryan
75%
2012Antonio Cesaro
75%
2011Sheamus
71.2%
2008Shelton Benjamin
69.2%
2011Zack Ryder
69.2%
2005Orlando Jordan
63.5%
2006Finlay
63.5%
2006Bobby Lashley
57.7%
2010Bret Hart
57.7%
2001Rhyno
55.8%
2001Tajiri
51.9%
2006Mr.Kennedy
50%
2001Kanyon
42.3%
Remove Ads.
Support Sporcle.
Get the best of Sporcle when you Go Orange. This ad-free experience offers more features, more stats, and more fun while also helping to support Sporcle. Thank you for becoming a member.

You're not logged in!

Compare scores with friends on all Sporcle quizzes.
OR
Log In

Show Comments

Extras

Created Oct 17, 2013ReportNominate
Tags:WWE Quiz

Top Quizzes Today


Score Distribution

Your Account Isn't Verified!

In order to create a playlist on Sporcle, you need to verify the email address you used during registration. Go to your Sporcle Settings to finish the process.

Report this User

Report this user for behavior that violates our Community Guidelines.

Details: